| 000 | 00504nam a2200181Ia 4500 | ||
|---|---|---|---|
| 999 |
_c30199 _d30199 |
||
| 003 | OSt | ||
| 005 | 20210101093953.0 | ||
| 008 | 190216s9999||||xx |||||||||||||| ||und|| | ||
| 020 | _a9788126412907 | ||
| 040 | _coclc | ||
| 082 |
_a894.812 _bRAJ/E |
||
| 100 |
_aRajasekharan, P K _97228 |
||
| 245 | 0 |
_aEkanthanagarangal / _cP K Rajasekharan |
|
| 260 |
_bD C Books, _c2015. _aKottayam: |
||
| 300 | _a332p | ||
| 650 | _aMalayalam | ||
| 942 |
_cBK _2ddc _h894.812 _iRAJ/E _k894.812 _mRAJ/E |
||